000 00225 a2200085 4500
020 _a9780300267396
100 _aPaul Goldberger
245 _aWhy Architecture Matters (Why X Matters Series)
260 _bYale University Press
_c2023
999 _c13321
_d13321